000 01112cam a22003134a 4500
001 12230661
003 OSt
005 20240617145132.0
008 001114s1995 enka 001 0 eng
010 _a 00456398
020 _a0340614048
040 _aDLC
_cmust
_dDLC
042 _apcc
050 0 0 _aQA401
_b.B48 1995
082 0 0 _a511.8 BER 1995
_221
100 1 _aBerry, J.
_q(John Stephen),
_d1947-
_917373
245 1 0 _aMathematical modelling /
_cJ. Berry, K. Houston.
260 _aLondon :
_bE. Arnold,
_c1995.
300 _ax, 142 p. :
_bill. ;
_c25 cm.
440 0 _aModular mathematics series
_96275
500 _aIncludes indexes.
650 0 _aMathematical models.
_92809
700 1 _aHouston, K.
_q(Ken)
_917374
856 4 1 _3Table of contents
_uhttp://www.loc.gov/catdir/toc/els051/00456398.html
856 4 2 _3Publisher description
_uhttp://www.loc.gov/catdir/description/els031/00456398.html
906 _a7
_bcbc
_corignew
_d2
_encip
_f20
_gy-gencatlg
942 _2ddc
_cO_SHELF
999 _c8562
_d8562